000
00293nam a22001337a 4500
008
190305b xxu||||| |||| 00| 0 eng d
020
_a
9780061941221
041
_a
eng
080
_a
330
100
_a
50
101
_a
EKO
245
_a
Super Freak Economists
_c
Levitt, S.D
942
_2
udc
_c
BK
999
_c
54536
_d
54536